00374nam a2200121Ia 4500003000400000005001700004008004100021040001800062041000800080100004700088245007800135260003900213OSt20260114144336.0211028s2012 xx 000 0 und d cAIMIT LIBRARY aeng aManne, Nagini; Fernandes, Everil.g1016023 aPre launch market scenario analysis with respect to cinepolis Mangalore / aMangalorebFernandes, Everilc2012